Physical metallurgy and advanced materials engineering.

Physical Metallurgy and Advanced Materials Engineering is the latest edition of the classic book previously published as Modern Physical Metallurgy & Materials Engineering. Fully revised and expanded, this new edition develops on its predecessor by including detailed coverage of the latest topic...

Full description

Bibliographic Details
Main Author: Smallman, R. E.
Corporate Author: ScienceDirect (Online service)
Other Authors: Ngan, A. H. W.
Format: eBook
Language:English
Published: [Place of publication not identified] : Butterworth-Heinemann, 2007.
Subjects:
Online Access:Connect to the full text of this electronic book

MARC

Tag First Indicator Second Indicator Subfields
LEADER 00000cam a2200000Ia 4500
001 in00002425556
006 m d
007 cr cn|
008 070828s2007 xx o 000 0 eng d
005 20260609193331.6
019 |a 171555288 
020 |a 9780750669061 
020 |a 0750669063 
029 1 |a NZ1  |b 12059951 
029 1 |a CHVBK  |b 135310164 
035 |a (OCoLC)166342541  |z (OCoLC)171555288 
037 |a 116426:116524  |b Elsevier Science & Technology  |n http://www.sciencedirect.com 
040 |a OPELS  |c OPELS  |d OPELS  |d YDXCP  |d UtOrBLW 
049 |a TXAM 
050 1 4 |a TN690  |b .S62 2007eb 
082 0 4 |a 669/.9  |2 22 
100 1 |a Smallman, R. E. 
245 1 0 |a Physical metallurgy and advanced materials engineering. 
264 1 |a [Place of publication not identified] :  |b Butterworth-Heinemann,  |c 2007. 
300 |a 1 online resource. 
336 |a text  |b txt  |2 rdacontent 
337 |a computer  |b c  |2 rdamedia 
338 |a online resource  |b cr  |2 rdacarrier 
520 |a Physical Metallurgy and Advanced Materials Engineering is the latest edition of the classic book previously published as Modern Physical Metallurgy & Materials Engineering. Fully revised and expanded, this new edition develops on its predecessor by including detailed coverage of the latest topics in metallurgy and material science. Intended for senior undergraduates and graduate students it emphasises the science, production and applications of engineering materials. It is suitable for all post-introductory materials science courses. *A new first edition of a materials classic, revised and updated with new materials and new features *New topics include latest developments in metallurgy, nano-scale materials engineering and biomaterials *Now accompanied with a full solutions manual and teaching slides for lecture presentations. 
505 0 |a Part I The Fundamentals of Materials Science; Part II Structure and Properties of Metals and Alloys; Part III Structure and Properties of Non-metallic Materials; Part IV Processing and Applications. 
500 |a Electronic resource. 
650 0 |a Physical metallurgy. 
655 7 |a Electronic books.  |2 local 
700 1 |a Ngan, A. H. W. 
710 2 |a ScienceDirect (Online service) 
856 4 0 |u http://proxy.library.tamu.edu/login?url=https://www.sciencedirect.com/science/book/9780750669061  |z Connect to the full text of this electronic book  |t 0 
994 |a 92  |b TXA 
999 |a MARS 
999 f f |s 6c01082f-04e2-3cbf-91c9-353eed90a6bf  |i 3073df67-e6c0-3b97-8dc2-9e6d64b98322  |t 0 
952 f f |a Texas A&M University  |b College Station  |c Electronic Resources  |s www_evans  |d Available Online  |t 0  |e TN690 .S62 2007eb  |h Library of Congress classification 
998 f f |a TN690 .S62 2007eb  |t 0  |l Available Online